| 000 | 00000nam##2200000za#4500 |
| 001 | 9.571322 |
| 003 | CaOODSP |
| 005 | 20210624182652 |
| 007 | cr ||||||||||| |
| 008 | 150406|1998||||xxc|||||o f|0| 0 eng|d |
| 040 | |aCaOODSP|beng |
| 043 | |an-cn--- |
| 086 | 1 |aTU3-5/98-34E-PDF |
| 110 | 2 |aTransportation Safety Board of Canada. |
| 245 | 10|aRunway overrun, Wasaya Airways Ltd. BAe 748-2A (HS-748-2A) C-GTAD, Kasabonika, Ontario, 06 August 1998 |h[electronic resource] |
| 260 | |aGatineau - Quebec : |bTransportation Safety Board of Canada |c[1999]. |
| 300 | |a22p.|bfig., glossary, tables |
| 490 | 1 |aAviation investigation report |vA98C0173 |
| 500 | |a"The Board ... authorized the release of this report on 29 September 1999."--p.19 of 22. |
| 590 | |a12-18-Supp|b2012-04-25 |
| 775 | 08|tSortie en bout de piste, Wasaya Airways Ltd, BAe 748-2A (HS-748-2A) C-GTAD, Kasabonika (Ontario), 6 août 1998 |w(CaOODSP)9.601937 |
| 830 | #0|aAviation investigation report ;|vA98C0173|w(CaOODSP)9.504825 |
| 856 | 40|ahttp://publications.gc.ca|qPDF|s415 KB|uhttps://publications.gc.ca/collections/collection_2011/bst-tsb/TU3-5-98-34-eng.pdf|yA98C0173 |